000
00287nam a22001217a 4500
008
171226b xxu||||| |||| 00| 0 eng d
041
_a
eng
080
_a
721
100
_a
41
101
_a
ART
245
_a
THE HOUSE FOR YPU TO BIELD BUY OR RENT
_c
RAMSEY,CH,G
942
_2
udc
_c
BK
999
_c
39425
_d
39425